Maschilità decadenti : la lunga fin de siècle /

Guardat en:
Dades bibliogràfiques
Altres autors: Pustianaz, Marco (Editor), Villa, Luisa, (1956- ) (Editor)
Format: Llibre
Idioma:italià
Publicat: Bergamo : Bergamo university press : Sestante, [2004]
Col·lecció:Le zebre ; Università degli studi 6
Matèries:
Etiquetes: Afegir etiqueta
Sense etiquetes, Sigues el primer a etiquetar aquest registre!

MARC

LEADER 00000nam a2200000 i 4500
001 IT\ICCU\TO0\1367334
003 ItRI
005 20260115231954.0
008 041213s2004 it |||||| ||||| |||||c
015 |2 IT  |a 2005-4237 
020 |a 8887445575 (Sestante) 
040 |b ita  |c importazione bologna sebina 
041 7 |a ita  |2 ISO-639-2 
082 |a 809.933521  |9 STORIA, DESCRIZIONE, STUDIO CRITICO DI PIU' DI DUE LETTERATURE. LETTERATURA CON SPECIFICHE CARATTERISTICHE. Temi e soggetti specifici. Uomini  |2 23 
130 0 |a Maschilità decadenti  |3 IT\ICCU\PUV\3018684 
245 0 0 |a Maschilità decadenti :  |b la lunga fin de siècle /  |c a cura di Marco Pustianaz e Luisa Villa. 
260 |a Bergamo :  |b Bergamo university press :  |b Sestante,  |c [2004] 
300 |a 368 p. :  |b ill. ;  |c 22 cm. 
650 7 |a Uomo nella letteratura  |x 1880-1914  |2 scbi 
700 1 |a Pustianaz, Marco  |0 IT\ICCU\CFIV\096060  |4 edt 
700 1 |a Villa, Luisa,  |d  (1956- )  |0 IT\ICCU\CFIV\116470  |4 edt 
830 3 |a Le zebre ;  |v 6  |a Università degli studi  |0 IT\ICCU\LO1\0602915 
942 |2 ddc  |c BK  |n 0 
952 |0 0  |1 0  |4 0  |6 DOC_809_933000000000000_PUS  |7 0  |9 18163  |a BO  |b BO  |d 2026-01-15  |i 11268  |l 0  |o DOC 809.933 PUS  |p BO11268  |r 2026-01-15 23:19:54  |w 2026-01-15  |x [Sebina 5] [1 v.]  |y BK  |z 1 v. 
999 |c 15398  |d 15398